Coca-Cola flavors - Statistics

General Stats
  • This quiz has been taken 265 times
  • The average score is 4 of 7
Answer Stats
Flavor % Correct
Cherry
94%
Vanilla
77%
Lemon
57%
Orange
49%
Lime
46%
Raspberry
25%
Cherry Vanilla
16%
No matching quizzes found
Score Distribution
Percent of People with Each Score
Percentile by Number Answered
Your Score History
You have not taken this quiz